<?xml version="1.0" encoding="UTF-8"?>
<collection xmlns="http://www.loc.gov/MARC21/slim">
 <record>
  <leader>00999nam a2200217 a 4500</leader>
  <controlfield tag="001">1/29502</controlfield>
  <controlfield tag="008">060213s2002    enk      b    00110 eng d</controlfield>
  <datafield tag="035" ind1=" " ind2=" ">
   <subfield code="l">31603</subfield>
  </datafield>
  <datafield tag="040" ind1=" " ind2=" ">
   <subfield code="a">DLC</subfield>
   <subfield code="b">GR-PeUP</subfield>
  </datafield>
  <datafield tag="082" ind1="0" ind2="0">
   <subfield code="a">956.93'03 HAT</subfield>
  </datafield>
  <datafield tag="100" ind1="1" ind2=" ">
   <subfield code="a">Χατζηβασιλείου, Ευάνθης,</subfield>
   <subfield code="d">1966-</subfield>
  </datafield>
  <datafield tag="245" ind1="1" ind2="4">
   <subfield code="a">The Cyprus question, 1978 - 1960 :</subfield>
   <subfield code="b">the constitutional aspect /</subfield>
   <subfield code="c">Evanthis Hatzivassiliou</subfield>
  </datafield>
  <datafield tag="260" ind1="0" ind2=" ">
   <subfield code="a">Minneapolis, Minn. :</subfield>
   <subfield code="b">University of Minnesota,</subfield>
   <subfield code="c">2002</subfield>
  </datafield>
  <datafield tag="300" ind1=" " ind2=" ">
   <subfield code="a">156 σ. ;</subfield>
   <subfield code="c">22 εκ.</subfield>
  </datafield>
  <datafield tag="490" ind1="1" ind2=" ">
   <subfield code="a">Minnesota Mediterranean and East European Monographs ;</subfield>
  </datafield>
  <datafield tag="504" ind1=" " ind2=" ">
   <subfield code="a">Περιέχει βιβλιογραφία και ευρετήριο</subfield>
  </datafield>
  <datafield tag="650" ind1=" " ind2="4">
   <subfield code="a">Συνταγματική ιστορία</subfield>
   <subfield code="z">Κύπρος</subfield>
   <subfield code="y">1878-1960.</subfield>
  </datafield>
  <datafield tag="651" ind1=" " ind2="4">
   <subfield code="a">Κύπρος</subfield>
   <subfield code="x">Πολιτική και διακυβέρνηση.</subfield>
  </datafield>
  <datafield tag="651" ind1=" " ind2="0">
   <subfield code="a">Cyprus</subfield>
   <subfield code="x">History.</subfield>
  </datafield>
  <datafield tag="830" ind1=" " ind2=" ">
   <subfield code="a">Minnesota Mediterranean and East European Monographs ;</subfield>
   <subfield code="v">11</subfield>
  </datafield>
  <datafield tag="852" ind1=" " ind2=" ">
   <subfield code="a">INST</subfield>
   <subfield code="b">UNIPILB</subfield>
   <subfield code="c">MAIN</subfield>
   <subfield code="e">20060213</subfield>
   <subfield code="h">956.93'03 HAT</subfield>
   <subfield code="p">00148048</subfield>
   <subfield code="q">00148048</subfield>
   <subfield code="t">LOAN</subfield>
   <subfield code="y">0</subfield>
   <subfield code="4">1</subfield>
  </datafield>
 </record>
</collection>
